Distiinctiveness of administrative reform in Gereece, Italy, Pourtgal and Spain. Common characteristrics of context, administions and reforms (Record no. 94178)

000 -LEADER
fixed length control field 01757pab a2200205 454500
008 - FIXED-LENGTH DATA ELEMENTS--GENERAL INFORMATION
fixed length control field 180718b2011 xxu||||| |||| 00| 0 eng d
100 ## - MAIN ENTRY--PERSONAL NAME
Personal name Kickert, Walter
245 ## - TITLE STATEMENT
Title Distiinctiveness of administrative reform in Gereece, Italy, Pourtgal and Spain. Common characteristrics of context, administions and reforms
260 ## - PUBLICATION, DISTRIBUTION, ETC.
Date of publication, distribution, etc. 2011
300 ## - PHYSICAL DESCRIPTION
Extent p.801-818.
520 ## - SUMMARY, ETC.
Summary, etc. This article, the final part of the symposium, concentrates on the common characteristics of Southern European states and administrations that can explain the distinctiveness of the reforms there. First, we briefly consider he theoretical aspect of the country papers, that is, historical institutionalism. We then briefly review some common features of contextual factors such as welfare state, economy and civic culture. This is followed by a discussion of some typical characteristics of Southern European administrations: legalism, politicization and clientelism. Finally we discus some common features of reform in Southern Europe. Reform in the region encompasses not only new public management; other reforms have also occured. Hoccued. However, political polarization means these countries lack the stability necessary to implement and carry out reform effectively. In terms of improvements in quality, efficency and client orientation of pubnlic service provison, the far-reaching politicization of the civil service gives a distinctive twist to any such claims. - Reproduced.
650 ## - SUBJECT ADDED ENTRY--TOPICAL TERM
Topical term or geographic name entry element Administrative reform - Spain
650 ## - SUBJECT ADDED ENTRY--TOPICAL TERM
Topical term or geographic name entry element Administrative reform - Portugal
650 ## - SUBJECT ADDED ENTRY--TOPICAL TERM
Topical term or geographic name entry element Administrative reform - Italy
650 ## - SUBJECT ADDED ENTRY--TOPICAL TERM
Topical term or geographic name entry element Administrative reform - Greece
650 ## - SUBJECT ADDED ENTRY--TOPICAL TERM
Topical term or geographic name entry element Administrative reform
773 ## - HOST ITEM ENTRY
Main entry heading Public Administration
908 ## - PUT COMMAND PARAMETER (RLIN)
Put command parameter N
909 ## -
-- 94178
Holdings
Withdrawn status Lost status Damaged status Not for loan Permanent Location Current Location Date acquired Serial Enumeration / chronology Barcode Date last seen Price effective from Koha item type
        Indian Institute of Public Administration Indian Institute of Public Administration 2018-07-19 Volume no: 89, Issue no: 3 AR94638 2018-07-19 2018-07-19 Articles

Powered by Koha